|
|
|
|
| LEADER |
00000nam0a2200000 4500 |
| 001 |
92673 |
| 005 |
20231101213836.0 |
| 035 |
|
|
|a (RuTPU)RU\TPU\book\99278
|
| 090 |
|
|
|a 92673
|
| 100 |
|
|
|a 20060316d1987 km y0rusy50 ca
|
| 101 |
0 |
|
|a rus
|
| 102 |
|
|
|a RU
|
| 105 |
|
|
|a a z 001zy
|
| 200 |
1 |
|
|a Дифференциальные уравнения в приложениях
|f В. В. Амелькин
|
| 210 |
|
|
|a Москва
|c Наука
|d 1987
|
| 215 |
|
|
|a 160 с.
|c ил.
|
| 320 |
|
|
|a Библиогр.: с. 153.
|
| 606 |
|
|
|a Дифференциальные уравнения
|2 stltpush
|3 (RuTPU)RU\TPU\subj\9693
|9 36875
|
| 606 |
|
|
|a Математическое моделирование
|2 stltpush
|3 (RuTPU)RU\TPU\subj\41237
|9 61043
|
| 610 |
1 |
|
|a математическое моделирование
|
| 610 |
1 |
|
|a решение
|
| 610 |
1 |
|
|a методы исследования
|
| 675 |
|
|
|a 517.9
|v 3
|
| 675 |
|
|
|a 519.876
|v 3
|
| 700 |
|
1 |
|a Амелькин
|b В. В.
|g Владимир Васильевич
|
| 801 |
|
1 |
|a RU
|b 63413507
|c 20060316
|g PSBO
|
| 801 |
|
2 |
|a RU
|b 63413507
|c 20170914
|g PSBO
|
| 942 |
|
|
|c BK
|